[Event "Titled Tuesday intern op 22nd Aug Early"]
[Site "Chess.com INT"]
[Date "2023.08.22"]
[Round "2"]
[White "Agibileg, Uurtsaikh"]
[Black "Ruge, Edison"]
[Result "1-0"]
[WhiteElo "2441"]
[BlackElo "2201"]
[PlyCount "141"]
[EventDate "2023.08.22"]
[EventType "swiss (blitz)"]
[EventRounds "11"]
[EventCountry "USA"]
[SourceTitle "EXT 2024"]
[Source "ChessBase"]
[SourceDate "2023.10.10"]
[SourceVersion "1"]
[SourceVersionDate "2023.10.10"]
[SourceQuality "1"]

1. d4 d5 2. c4 e5 3. dxe5 d4 4. Nf3 Nc6 5. a3 Bg4 6. e3 dxe3 7. Qxd8+ Rxd8 8. Bxe3 Bxf3 9. gxf3 Nxe5 10. Nd2 a6 11. 0-0-0 Nd3+ 12. Kc2 Ne5 13. f4 Ng4 14. Bg2 Nxe3+ 15. fxe3 c6 16. Ne4 Rxd1 17. Rxd1 h6 18. Bh3 Nf6 19. Nxf6+ gxf6 20. Rd7 Bc5 21. Rxb7 0-0 22. e4 Rd8 23. Bd7 Be3 24. Bxc6 Rd2+ 25. Kc3 Rxh2 26. b4 Bxf4 27. b5 Be5+ 28. Kb4 axb5 29. cxb5 Bd6+ 30. Kc4 Bxa3 31. Bd5 Bb2 32. b6 Be5 33. Rxf7 Kh8 34. b7 Rb2 35. Be6 Rb6 36. Re7 h5 37. Kd3 h4 38. Ke2 Rb4 39. Kf3 Rb2 40. Kg4 Rb4 41. Kf5 Rb1 42. Kg6 Rg1+ 43. Kh6 Bf4+ 44. Kh5 h3 45. Bxh3 Rg7 46. Re8+ Rg8 47. Re6 Rg5+ 48. Kh4 Rb5 49. Kg4 Be5 50. Re7 Rb2 51. Kf5 Kg8 52. Kg6 Kf8 53. Rh7 Ke8 54. Be6 Kd8 55. Bd5 Rg2+ 56. Kf5 Rf2+ 57. Ke6 Rb2 58. Rd7+ Ke8 59. Bc6 Kf8 60. Rf7+ Kg8 61. Re7 Rb6 62. Kd7 Kf8 63. Rh7 Kg8 64. Rh1 Rb2 65. Bd5+ Kg7 66. Rc1 Kh6 67. Rg1 Kh5 68. Rg8 Kh4 69. Re8 Kg4 70. Rxe5 fxe5 71. Kc7 1-0

[Event "Titled Tuesday intern op 08th Aug Early"]
[Site "Chess.com INT"]
[Date "2023.08.08"]
[Round "4"]
[White "Omariev, Maksim"]
[Black "Ruge, Edison"]
[Result "1-0"]
[WhiteElo "2304"]
[BlackElo "2201"]
[PlyCount "147"]
[EventDate "2023.08.08"]
[EventType "swiss (blitz)"]
[EventRounds "11"]
[EventCountry "USA"]
[SourceTitle "EXT 2024"]
[Source "ChessBase"]
[SourceDate "2023.10.10"]
[SourceVersion "1"]
[SourceVersionDate "2023.10.10"]
[SourceQuality "1"]

1. g4 h5 2. g5 h4 3. d4 g6 4. c4 Bg7 5. Nc3 d6 6. e4 Nc6 7. Be3 e5 8. d5 Nb8 9. Qd2 a5 10. h3 Na6 11. Be2 b6 12. Bg4 Nc5 13. Nf3 Ne7 14. b3 Bxg4 15. hxg4 h3 16. 0-0-0 Qd7 17. Rdg1 a4 18. b4 Nb7 19. a3 c5 20. dxc6 Qxc6 21. Qd3 Rc8 22. Nd2 Nd8 23. Kb2 Ne6 24. Nb5 Rd8 25. Rg3 Nf4 26. Qc2 Rh4 27. Qxa4 Kf8 28. Qb3 Qd7 29. f3 Qc6 30. Rgg1 Kg8 31. Rd1 Ng2 32. Bf2 Rh7 33. Nb1 Nf4 34. N1c3 h2 35. Bg3 Rh3 36. Bxh2 Rxf3 37. Bg1 Ne2 38. Qa2 Nd4 39. Nd5 Nxd5 40. exd5 Qd7 41. Ka1 Nxb5 42. cxb5 Qxg4 43. Qb2 e4 44. Bd4 Be5 45. Bxe5 dxe5 46. Qxe5 Rxa3+ 47. Kb2 Qe2+ 48. Kxa3 Ra8+ 49. Kb3 Qa2+ 50. Kc3 Ra3+ 51. Kd4 Qb2+ 52. Kxe4 Re3+ 53. Kxe3 Qxe5+ 54. Kf2 Qf4+ 55. Ke2 Qc4+ 56. Kf3 Qc3+ 57. Ke4 Qxb4+ 58. Ke5 Qe7+ 59. Kd4 Qb4+ 60. Ke3 Qc5+ 61. Ke4 Qe7+ 62. Kf4 Qd6+ 63. Ke4 Qe7+ 64. Kd3 Qa3+ 65. Ke2 Qa2+ 66. Rd2 Qc4+ 67. Kd1 Qa4+ 68. Ke2 Qe4+ 69. Kf2 Qxh1 70. d6 Qh2+ 71. Ke3 Qe5+ 72. Kf2 Qf4+ 73. Ke1 Qe5+ 74. Kd1 1-0

[Event "Titled Tuesday intern op 08th Aug Early"]
[Site "Chess.com INT"]
[Date "2023.08.08"]
[Round "5"]
[White "Parfenov, Viktor N"]
[Black "Ruge, Edison"]
[Result "1-0"]
[WhiteElo "2193"]
[BlackElo "2201"]
[PlyCount "59"]
[EventDate "2023.08.08"]
[EventType "swiss (blitz)"]
[EventRounds "11"]
[EventCountry "USA"]
[SourceTitle "EXT 2024"]
[Source "ChessBase"]
[SourceDate "2023.10.10"]
[SourceVersion "1"]
[SourceVersionDate "2023.10.10"]
[SourceQuality "1"]

1. e4 e5 2. Nf3 Nc6 3. Bc4 Be7 4. d4 d6 5. c3 Nf6 6. Nbd2 0-0 7. h3 exd4 8. cxd4 Nxe4 9. Nxe4 d5 10. Bd3 dxe4 11. Bxe4 Bb4+ 12. Kf1 h6 13. Be3 Re8 14. Qc2 Qf6 15. g4 Bd7 16. Kg2 Qe7 17. Bh7+ Kf8 18. Bd3 Bd6 19. a3 Nd8 20. d5 c6 21. Bc4 cxd5 22. Qh7 Qf6 23. Rhe1 Be6 24. Bxd5 Bxd5 25. Qh8+ Ke7 26. Bg5+ Kd7 27. Qxe8+ Kc7 28. Bxf6 gxf6 29. Rac1+ Nc6 30. Qxa8 1-0

[Event "Titled Tuesday intern op 08th Aug Early"]
[Site "Chess.com INT"]
[Date "2023.08.08"]
[Round "3"]
[White "Ruge, Edison"]
[Black "Sreyas, Payyappat"]
[Result "0-1"]
[WhiteElo "2201"]
[BlackElo "2075"]
[PlyCount "104"]
[EventDate "2023.08.08"]
[EventType "swiss (blitz)"]
[EventRounds "11"]
[EventCountry "USA"]
[SourceTitle "EXT 2024"]
[Source "ChessBase"]
[SourceDate "2023.10.10"]
[SourceVersion "1"]
[SourceVersionDate "2023.10.10"]
[SourceQuality "1"]

1. e4 c6 2. d3 d5 3. Nd2 e5 4. Ngf3 Bd6 5. g3 Nf6 6. Bg2 0-0 7. 0-0 Bg4 8. h3 Bh5 9. Qe2 Re8 10. Re1 Na6 11. a3 Nc5 12. b4 Ne6 13. Qf1 Qc7 14. Bb2 Rad8 15. Rac1 d4 16. Nc4 c5 17. b5 Bxf3 18. Bxf3 a6 19. b6 Qc6 20. Rb1 Nd7 21. Bc1 f5 22. Nxd6 Qxd6 23. exf5 Nef8 24. Bxb7 Nxb6 25. Bg5 Rb8 26. Be4 Nd5 27. Qg2 Nc3 28. Rxb8 Rxb8 29. f4 Nd7 30. fxe5 Nxe5 31. Bf4 Re8 32. Qf2 c4 33. Kg2 cxd3 34. cxd3 Nd5 35. Qa2 Rd8 36. Bxe5 Qxe5 37. Bxd5+ Qxd5+ 38. Qxd5+ Rxd5 39. g4 Ra5 40. Ra1 Rc5 41. Kf3 Re5 42. Kf4 Re3 43. Rd1 Kf7 44. g5 Rxh3 45. Ke4 Rh4+ 46. Ke5 Rg4 47. Rb1 Rxg5 48. Rb7+ Ke8 49. Ke6 Kd8 50. Rd7+ Kc8 51. Ra7 h5 52. Rxa6 h4 0-1

[Event "Titled Tuesday intern op 08th Aug Early"]
[Site "Chess.com INT"]
[Date "2023.08.08"]
[Round "1"]
[White "Vlassov, Nikolai"]
[Black "Ruge, Edison"]
[Result "1-0"]
[WhiteElo "2283"]
[BlackElo "2201"]
[PlyCount "71"]
[EventDate "2023.08.08"]
[EventType "swiss (blitz)"]
[EventRounds "11"]
[EventCountry "USA"]
[SourceTitle "EXT 2024"]
[Source "ChessBase"]
[SourceDate "2023.10.10"]
[SourceVersion "1"]
[SourceVersionDate "2023.10.10"]
[SourceQuality "1"]

1. e4 e5 2. Bc4 Nc6 3. f4 Bc5 4. Nf3 d6 5. Nc3 Nf6 6. f5 a6 7. d3 b5 8. Bb3 Na5 9. Bg5 h6 10. Bh4 Nxb3 11. axb3 c6 12. Qe2 g5 13. fxg6 fxg6 14. Bf2 Qb6 15. 0-0 Bxf2+ 16. Qxf2 Qxf2+ 17. Rxf2 0-0 18. Nh4 Kg7 19. Raf1 Be6 20. h3 Nd7 21. Nf3 Nf6 22. Ne2 Nh5 23. d4 Nf4 24. dxe5 Nxe2+ 25. Rxe2 dxe5 26. Nxe5 Rxf1+ 27. Kxf1 c5 28. Rd2 Kf6 29. Nf3 Ke7 30. Kf2 a5 31. Ke3 a4 32. bxa4 Rxa4 33. Ne5 g5 34. Nc6+ Kf6 35. Rd6 Ra6 36. e5+ 1-0

[Event "Titled Tuesday intern op 01st Aug Late"]
[Site "Chess.com INT"]
[Date "2023.08.01"]
[Round "6"]
[White "Davidson, Kevin"]
[Black "Ruge, Edison"]
[Result "1-0"]
[WhiteElo "2154"]
[BlackElo "2201"]
[PlyCount "131"]
[EventDate "2023.08.01"]
[EventType "swiss (blitz)"]
[EventRounds "11"]
[EventCountry "USA"]
[SourceTitle "EXT 2024"]
[Source "ChessBase"]
[SourceDate "2023.10.10"]
[SourceVersion "1"]
[SourceVersionDate "2023.10.10"]
[SourceQuality "1"]

1. e4 e5 2. Nf3 Nc6 3. Bb5 f5 4. Nc3 fxe4 5. Nxe4 Nf6 6. Nxf6+ Qxf6 7. Qe2 Be7 8. Bxc6 dxc6 9. Nxe5 0-0 10. 0-0 Bd6 11. f4 c5 12. d3 Be6 13. Bd2 Bd5 14. Nd7 Qxb2 15. Nxf8 Rxf8 16. c4 Bc6 17. a4 Re8 18. Qf2 Qc2 19. Rfe1 Qxd3 20. Rxe8+ Bxe8 21. Qe3 Qd4 22. Rb1 Bc6 23. Qxd4 cxd4 24. a5 a6 25. Kf2 Kf7 26. g3 Kf6 27. Bb4 Be4 28. Rb2 c5 29. Bd2 Bc6 30. Rb1 g6 31. Re1 Bd7 32. Kg2 Be6 33. Rc1 Bf5 34. Kf3 Bd7 35. g4 Bc6+ 36. Kf2 h5 37. h3 Bc7 38. Kg3 hxg4 39. hxg4 Be4 40. Re1 Bd3 41. Rc1 Ke6 42. Kf3 Kf6 43. Kg3 Ke6 44. Kf3 Kf6 45. Be1 Bd8 46. Bh4+ Ke6 47. Bxd8 Kd6 48. Bb6 Kc6 49. g5 Bf5 50. Kg3 Be6 51. Kf3 Bf5 52. Kf2 d3 53. Ke3 Kd6 54. Rc3 Kc6 55. Rxd3 Bxd3 56. Kxd3 Kd6 57. Ke4 Ke6 58. Bxc5 Kd7 59. Bd4 Kc6 60. Ke5 b5 61. axb6 a5 62. c5 a4 63. Kf6 a3 64. Ba1 a2 65. Kxg6 Kxc5 66. b7 1-0

[Event "Titled Tuesday intern op 25th Jul Early"]
[Site "Chess.com INT"]
[Date "2023.07.25"]
[Round "5"]
[White "Novoselov, Roman"]
[Black "Ruge, Edison"]
[Result "0-1"]
[WhiteElo "2279"]
[BlackElo "2201"]
[PlyCount "46"]
[EventDate "2023.07.25"]
[EventType "swiss (blitz)"]
[EventRounds "11"]
[EventCountry "USA"]
[SourceTitle "EXT 2024"]
[Source "ChessBase"]
[SourceDate "2023.10.10"]
[SourceVersion "1"]
[SourceVersionDate "2023.10.10"]
[SourceQuality "1"]

1. e4 e5 2. Nf3 Nc6 3. Bc4 Be7 4. Nc3 Nf6 5. d3 0-0 6. h3 d6 7. Be3 Kh8 8. Ng5 Qe8 9. f4 h6 10. Nf3 exf4 11. Bxf4 Ne5 12. Nxe5 dxe5 13. Bxe5 Nxe4 14. Bxg7+ Kxg7 15. dxe4 Bh4+ 16. Kf1 Qe5 17. Qf3 Be6 18. Bd3 f5 19. Ke2 Rae8 20. Qh5 Qg3 21. Raf1 Bg5 22. Kd1 Qe3 23. Qe2 Qc1# 0-1

[Event "Titled Tuesday intern op 25th Jul Early"]
[Site "Chess.com INT"]
[Date "2023.07.25"]
[Round "2"]
[White "Olenik Campa, Rudi"]
[Black "Ruge, Edison"]
[Result "0-1"]
[WhiteElo "2327"]
[BlackElo "2201"]
[PlyCount "88"]
[EventDate "2023.07.25"]
[EventType "swiss (blitz)"]
[EventRounds "11"]
[EventCountry "USA"]
[SourceTitle "EXT 2024"]
[Source "ChessBase"]
[SourceDate "2023.10.10"]
[SourceVersion "1"]
[SourceVersionDate "2023.10.10"]
[SourceQuality "1"]

1. e4 e5 2. Nf3 Nc6 3. Bc4 Be7 4. 0-0 Nf6 5. Re1 0-0 6. d3 d6 7. c3 Kh8 8. Ng5 Qe8 9. h3 h6 10. Nf3 Ng8 11. d4 f5 12. exf5 Bxf5 13. dxe5 Qh5 14. Be2 Qg6 15. Kh1 Nxe5 16. Nxe5 dxe5 17. Nd2 Bc2 18. Bh5 Qf5 19. Qf3 Qg5 20. Qe2 Nf6 21. Bf3 Qg6 22. Bh5 Qxh5 23. Qxe5 Qxe5 24. Rxe5 Bd6 25. Re2 Rae8 26. Rxe8 Rxe8 27. Nf3 Be4 28. Be3 Bxf3 29. gxf3 Nd5 30. Bd4 c5 31. Be3 Nxe3 32. fxe3 Rxe3 33. Rd1 Bf4 34. Kg2 Re2+ 35. Kf1 Rxb2 36. Rd7 Kh7 37. Rf7 Be5 38. c4 Bf6 39. f4 Kg6 40. Rc7 Kf5 41. Rxc5+ Kxf4 42. Rb5 Rxb5 43. cxb5 b6 44. Kg2 g5 0-1

[Event "Titled Tuesday intern op 25th Jul Early"]
[Site "Chess.com INT"]
[Date "2023.07.25"]
[Round "10"]
[White "Ruge, Edison"]
[Black "Onufrienko, Vladislav"]
[Result "0-1"]
[WhiteElo "2201"]
[BlackElo "2010"]
[PlyCount "106"]
[EventDate "2023.07.25"]
[EventType "swiss (blitz)"]
[EventRounds "11"]
[EventCountry "USA"]
[SourceTitle "EXT 2024"]
[Source "ChessBase"]
[SourceDate "2023.10.10"]
[SourceVersion "1"]
[SourceVersionDate "2023.10.10"]
[SourceQuality "1"]

1. e4 Nf6 2. e5 Nd5 3. c4 Nb6 4. c5 Nd5 5. Bc4 e6 6. Nc3 Nxc3 7. bxc3 Qg5 8. Nf3 Qxg2 9. Rg1 Qh3 10. d4 d6 11. Rg3 Qh5 12. Rg5 Qh3 13. Bf1 Qh6 14. Rg4 Qh5 15. Rh4 Qg6 16. Bd3 f5 17. exf6 Qxf6 18. Bg5 Qf7 19. Bxh7 dxc5 20. Qd3 c4 21. Qe4 Rxh7 22. Rxh7 Bd7 23. Ne5 Qf5 24. Qxf5 exf5 25. Rh8 Be6 26. Ng6 Nd7 27. 0-0-0 Kf7 28. Nxf8 Nxf8 29. d5 Bd7 30. Re1 Re8 31. Rxe8 Bxe8 32. Rh3 c6 33. d6 Ne6 34. Be3 b6 35. f4 c5 36. Rh8 a5 37. h4 b5 38. a3 b4 39. Kb2 b3 40. h5 a4 41. h6 gxh6 42. Rxh6 Bc6 43. Rh7+ Kf8 44. Re7 Bd5 45. Ra7 Ke8 46. Rxa4 Kd7 47. Ra6 Bc6 48. Ra4 Bxa4 49. Kc1 Kxd6 50. Kb2 Kd5 51. Kc1 Ke4 52. Bd2 Nxf4 53. Kb2 Nd5 0-1

[Event "Titled Tuesday intern op 11th Jul Early"]
[Site "Chess.com INT"]
[Date "2023.07.11"]
[Round "4"]
[White "Glavina, Pablo"]
[Black "Ruge, Edison"]
[Result "0-1"]
[WhiteElo "2415"]
[BlackElo "2201"]
[PlyCount "86"]
[EventDate "2023.07.11"]
[EventType "swiss (blitz)"]
[EventRounds "11"]
[EventCountry "USA"]
[SourceTitle "EXT 2024"]
[Source "ChessBase"]
[SourceDate "2023.10.10"]
[SourceVersion "1"]
[SourceVersionDate "2023.10.10"]
[SourceQuality "1"]

1. e4 e5 2. Nf3 Nc6 3. Nc3 Be7 4. d4 d6 5. d5 Nb8 6. Be3 a6 7. Be2 Nf6 8. 0-0 0-0 9. Nd2 Kh8 10. f4 exf4 11. Bxf4 Nbd7 12. Qe1 Ng8 13. Qg3 Bf6 14. Nf3 Qe7 15. Bd3 Ne5 16. Nxe5 dxe5 17. Be3 b6 18. Rae1 g6 19. Qf3 Bg7 20. a4 Bd7 21. Qg3 Bh6 22. h4 Bxe3+ 23. Rxe3 h5 24. Ref3 Nh6 25. Be2 Kg7 26. Rf6 Bg4 27. Rc6 Bxe2 28. Nxe2 Ng4 29. Qc3 Qxh4 30. Qh3 Qe7 31. Ng3 Qg5 32. Rxc7 Qe3+ 33. Kh1 Nf2+ 34. Rxf2 Qxf2 35. Rc6 Rh8 36. Rc7 Raf8 37. Qh4 Qf4 38. Qg5 Qxg5 39. Nf5+ gxf5 40. Rxf7+ Rxf7 41. c3 fxe4 42. d6 Qg3 43. d7 Rf1# 0-1

[Event "Titled Tuesday intern op 27th Jun Early"]
[Site "Chess.com INT"]
[Date "2023.06.27"]
[Round "9"]
[White "Erzhanov, Arman"]
[Black "Ruge, Edison"]
[Result "1/2-1/2"]
[WhiteElo "2228"]
[BlackElo "2201"]
[PlyCount "97"]
[EventDate "2023.06.27"]
[EventType "swiss (blitz)"]
[EventRounds "11"]
[EventCountry "USA"]
[SourceTitle "EXT 2024"]
[Source "ChessBase"]
[SourceDate "2023.10.10"]
[SourceVersion "1"]
[SourceVersionDate "2023.10.10"]
[SourceQuality "1"]

1. e4 e5 2. Nf3 Nc6 3. Bb5 f5 4. d3 fxe4 5. dxe4 Nf6 6. Nc3 Bb4 7. Qd3 Qe7 8. 0-0 Bxc3 9. bxc3 d6 10. Nh4 Be6 11. Nf5 Qf7 12. f4 0-0 13. Bxc6 bxc6 14. fxe5 dxe5 15. Qg3 Kh8 16. Qh4 Nxe4 17. Qxe4 Bxf5 18. Qxe5 Qg6 19. Ba3 Rae8 20. Qxc7 Re2 21. Qg3 Rfe8 22. Qxg6 hxg6 23. Bc5 Rxc2 24. Bxa7 Rxc3 25. Rfe1 Rxe1+ 26. Rxe1 Ra3 27. Bd4 Rxa2 28. Re7 Kh7 29. Rxg7+ Kh6 30. Re7 g5 31. h3 Kg6 32. g4 Bd3 33. Re6+ Kf7 34. Rxc6 Be4 35. Rf6+ Ke7 36. Rf2 Rxf2 37. Kxf2 Kf7 38. Ke3 Bg2 39. Kf2 Bxh3 40. Kg3 Bxg4 41. Kxg4 Kg6 42. Bc3 Kf7 43. Bb4 Kg8 44. Ba5 Kh7 45. Bd8 Kg8 46. Bc7 Kf7 47. Bg3 Kg8 48. Kf5 Kf7 49. Kxg5 1/2-1/2

[Event "Titled Tuesday intern op 27th Jun Early"]
[Site "Chess.com INT"]
[Date "2023.06.27"]
[Round "8"]
[White "Lacasa Diaz, Jose Antonio"]
[Black "Ruge, Edison"]
[Result "1/2-1/2"]
[WhiteElo "2351"]
[BlackElo "2201"]
[PlyCount "102"]
[EventDate "2023.06.27"]
[EventType "swiss (blitz)"]
[EventRounds "11"]
[EventCountry "USA"]
[SourceTitle "EXT 2024"]
[Source "ChessBase"]
[SourceDate "2023.10.10"]
[SourceVersion "1"]
[SourceVersionDate "2023.10.10"]
[SourceQuality "1"]

1. e4 e5 2. Nf3 Nc6 3. Bb5 f5 4. Bxc6 dxc6 5. Nc3 fxe4 6. Nxe4 Nf6 7. Qe2 Qe7 8. d3 Bg4 9. h3 Bxf3 10. Qxf3 Nxe4 11. Qxe4 Qb4+ 12. Qxb4 Bxb4+ 13. Ke2 0-0 14. Be3 a6 15. a3 Bd6 16. f3 Rae8 17. h4 Re6 18. h5 c5 19. b3 b5 20. a4 Rb8 21. axb5 axb5 22. Ra5 c4 23. bxc4 bxc4 24. dxc4 Rb2 25. Kd3 Bb4 26. Rb5 Rd6+ 27. Rd5 Ra2 28. Rb1 c6 29. Rxd6 Bxd6 30. Rb6 Ra3+ 31. Ke4 Rxe3+ 32. Kxe3 Bc5+ 33. Ke4 Bxb6 34. Kxe5 Be3 35. Ke6 c5 36. Ke7 Bf2 37. g4 Be3 38. Ke8 Bg5 39. Kd7 Kf7 40. Kd6 Be3 41. Ke5 Bd4+ 42. Kf5 g6+ 43. hxg6+ hxg6+ 44. Ke4 Ke6 45. f4 Bf2 46. Kf3 Bg1 47. Ke4 Bd4 48. Kf3 Kf6 49. Ke4 Ke6 50. Kf3 Kd6 51. Ke4 Ke6 1/2-1/2

[Event "Titled Tuesday intern op 23rd May Early"]
[Site "Chess.com INT"]
[Date "2023.05.23"]
[Round "2"]
[White "Mrudul, Dehankar"]
[Black "Ruge, Edison"]
[Result "0-1"]
[WhiteElo "2030"]
[BlackElo "2201"]
[PlyCount "93"]
[EventDate "2023.05.23"]
[EventType "swiss (blitz)"]
[EventRounds "11"]
[EventCountry "USA"]
[SourceTitle "CBM 214 Extra"]
[Source "ChessBase"]
[SourceDate "2023.07.31"]
[SourceVersion "1"]
[SourceVersionDate "2023.07.31"]
[SourceQuality "1"]

1. e4 e5 2. Nf3 Nc6 3. Bc4 Be7 4. d4 d6 5. Nc3 Nf6 6. h3 0-0 7. 0-0 Nxe4 8. Nxe4 d5 9. Nxe5 Nxe5 10. dxe5 dxc4 11. Qe2 Be6 12. Rd1 Qe8 13. Bf4 Qc6 14. Rd4 Rfd8 15. Rad1 Rxd4 16. Rxd4 Rd8 17. Qd2 Rxd4 18. Qxd4 h6 19. Be3 b6 20. f4 Bf5 21. Ng3 Bxc2 22. f5 Bc5 23. Qd8+ Kh7 24. Qd2 Bxe3+ 25. Qxe3 Bd3 26. Kh2 Qd5 27. Qf4 c5 28. Nh5 Qd4 29. Qg3 g5 30. Nf6+ Kg7 31. Ng4 Bxf5 32. Ne3 Be6 33. Nc2 Qf4 34. Qxf4 gxf4 35. Kg1 Kg6 36. Kf2 Kf5 37. Kf3 Bd5+ 38. Kf2 Kxe5 39. Ne1 Be4 40. Nf3+ Bxf3 41. Kxf3 f5 42. a3 b5 43. Kf2 a5 44. Ke2 Ke4 45. Kd2 f3 46. gxf3+ Kxf3 47. Kc3 0-1